000 00727nam 22002173 4500
001 197552
010 _a972-33-1199-2
021 _aPT
_b100577/96
090 _a197552
100 _a20250820d u||y0pory50 ba
200 _aManual prático de plantas de interior
_ecomo manter saudáveis as suas plantas de interior
_fJane Bland e William Davidson
_gtradução Isabel Teresa Santos
210 _aLisboa
_cEstampa
_dimp.1996
215 _a176 p.
_cil. ; encadernado
_d26 cm
606 _913431
_aPlantas de jardim. Jardinagem
675 _a635
_vPT
_zpor
700 _913598
_aBland
_bJane
701 _913599
_aDavidson
_bWilliam
702 _911399
_aSantos
_bIsabel Teresa
801 _aPT
_bBMMN
_gRPC
830 _cVanda
990 _cLIVROS